Organizational communication : Foundations for business & management
The book include: Foundation; Communication in a complex system; Communication context; contemporary issues.
Đã lưu trong:
| Tác giả chính: | |
|---|---|
| Định dạng: | Sách |
| Ngôn ngữ: | Undetermined |
| Được phát hành: |
Mason, OH
Thomson/South-Western
2006
|
| Những chủ đề: | |
| Các nhãn: |
Thêm thẻ
Không có thẻ, Là người đầu tiên thẻ bản ghi này!
|
| Thư viện lưu trữ: | Trung tâm Học liệu Trường Đại học Cần Thơ |
|---|
| LEADER | 00726nam a2200217Ia 4500 | ||
|---|---|---|---|
| 001 | CTU_123656 | ||
| 008 | 210402s9999 xx 000 0 und d | ||
| 020 | |c 1609000 | ||
| 082 | |a 651.7 | ||
| 082 | |b Z36 | ||
| 100 | |a Zaremba, Alan Jay | ||
| 245 | 0 | |a Organizational communication : | |
| 245 | 0 | |b Foundations for business & management | |
| 245 | 0 | |c Alan Jay Zaremba | |
| 260 | |a Mason, OH | ||
| 260 | |b Thomson/South-Western | ||
| 260 | |c 2006 | ||
| 520 | |a The book include: Foundation; Communication in a complex system; Communication context; contemporary issues. | ||
| 650 | |a Communication in organizations.,Communication in management | ||
| 904 | |i Minh | ||
| 980 | |a Trung tâm Học liệu Trường Đại học Cần Thơ | ||